000 00550nam a2200217Ia 4500
003 OSt
005 20220928141638.0
006 a|||||r|||| 00| 0
007 ta
008 220927b |||||||| |||| 00| 0 eng d
024 _a16489
037 _cTextual
040 _aSDCL
_cSDCL
_beng
041 _2eng
_aeng
082 _aO1443,1Nx, 152M3
100 _aRathi Girdhar
_9393254
245 0 _aAadhunik hangaari kavitayen.
260 _c1983
942 _hO1443,1Nx, 152M3
_cTEXL
_2CC
999 _c818839
_d818839